Daytime Emmy Best Game Show Quiz Stats

 Plays Quiz Updated May 1, 2018

Challenge
Share
Tweet
Embed
Score 0/45 Timer 05:00
1 Play Today
Year Show % Correct
2013The Price is Right
92.4%
1988The Price Is Right
92.2%
1996The Price Is Right
92.2%
1997The Price Is Right
92.2%
2004The Price Is Right
92.2%
2007The Price Is Right
92.2%
2016The Price is Right
92%
2011Jeopardy!/Wheel of Fortune
91%
2018The Price is Right
90.3%
2014Jeopardy!
87.9%
2015Jeopardy!
87.9%
2017Jeopardy!
86.6%
2012Jeopardy!
85.4%
1990Jeopardy!
85.2%
1991Jeopardy!
85.2%
1993Jeopardy!
85.2%
1994Jeopardy!
85.2%
1995Jeopardy!
85.2%
1992Jeopardy!
85.2%
1998Jeopardy!
85.2%
2002Jeopardy!
85.2%
2003Jeopardy!
85.2%
2005Jeopardy!
85.2%
Year Show % Correct
2006Jeopardy!
85.2%
2000Who Wants to Be a Millionaire?
71.7%
2001Who Wants to Be a Millionaire?
71.7%
1980Hollywood Squares/The $20,000 Pyramid
61.4%
1981The $20,000 Pyramid
54.4%
1977Family Feud
54.1%
1975Hollywood Squares
51.2%
1978Hollywood Squares
51.2%
1979Hollywood Squares
51.2%
2008Cash Cab
48.1%
2009Cash Cab
48.1%
2010Cash Cab
47.2%
1983The $25,000 Pyramid
46.1%
1984The $25,000 Pyramid
46.1%
1985The $25,000 Pyramid
46.1%
1986The $25,000 Pyramid
46.1%
1987The $25,000 Pyramid
46.1%
1989The $25,000 Pyramid
46.1%
1976The $10,000 Pyramid
45.5%
1999Win Ben Stein's Money
43.7%
1974Password
41.9%
1982Password Plus
41.9%

You're not logged in!

Compare scores with friends on all Sporcle quizzes.
OR
Log In

You Might Also Like...

Show Comments

Extras

Top Quizzes Today


Score Distribution

Your Account Isn't Verified!

In order to create a playlist on Sporcle, you need to verify the email address you used during registration. Go to your Sporcle Settings to finish the process.

Report this User

Report this user for behavior that violates our Community Guidelines.

Details: